Statistics for Ultimate General Knowledge Trivia

Click here to take the quiz!

General Stats

  • This quiz has been taken 1,499 times
  • The average score is 11 of 20

Answer Stats

QuestionAnswer% Correct
What do both Wales and Bhutan both have on their flags?Dragon
91%
What element on the Periodic Table has the atomic symbol of Fe?Iron
90%
What American pizza chain restaurant became the first to launch in Italy?Dominos
77%
How many provinces are there in Canada?10
72%
Despite not featuring the color orange on their flag, what country is often referred to as the "Kingdom of Orange"?Netherlands
70%
The phrase “Big Brother is watching you,” comes from what George Orwell book?1984
67%
According to the Muhlenberg legend, what language was 1 vote away from being an official language of the United States?German
65%
What country hosted the inaugural 1930 World Cup and also won it as well?Uruguay
59%
What 3rd largest city in Australia will host the 2032 Summer Olympics?Brisbane
58%
“Ask the Audience” and “Phone a Friend” were the two of the three original lifelines on the classic quiz show “Who Wants to be a Millionaire”. What was the third lifeline?50/50
55%
What actor played the train conductor in the iconic Christmas movie “The Polar Express”?Tom Hanks
53%
What US President helped design The University Of Virginia?Thomas Jefferson
51%
With a population of under 400,000, what founding member of NATO remains the smallest of the member nations?Iceland
49%
The fictional mushroom village in which the Smurfs reside is often assumed to be in what European country?Belgium
47%
What 2019 war movie was made to look as if it was filmed entirely in one shot?1917
38%
What US bank corporation features a stagecoach on their logo?Wells Fargo
33%
What US President turned down offers to play center for the Detroit Lions and Green Bay Packers?Gerald Ford
28%
What person is the only person to be the namesake of two US capital cities?Cristopher Columbus
22%
What tiny Caribbean island nation was rocked by a volcano in April of 2021?St Vincent and the Grenadines
22%
Billboard named what song as the top song of the 2010s?Uptown Funk
5%

Score Distribution

Percentile by Number Answered

Percent of People with Each Score

Your Score History

You have not taken this quiz